Locação imobiliária na prática (Registro nro. 164530)
[ vista simple ]
| 000 -LEADER | |
|---|---|
| fixed length control field | 01040nam a22002537a 4500 |
| 007 - PHYSICAL DESCRIPTION FIXED FIELD--GENERAL INFORMATION | |
| fixed length control field | cr|||| ||u| |
| 008 - FIXED-LENGTH DATA ELEMENTS--GENERAL INFORMATION | |
| fixed length control field | 161004s2014 Bl |||||o|||| 001 0 Por d |
| 020 ## - INTERNATIONAL STANDARD BOOK NUMBER | |
| International Standard Book Number | 978-85-8085-051-2 |
| 035 ## - | |
| -- | 14379 |
| 040 ## - CATALOGING SOURCE | |
| Original cataloging agency | vLex |
| 090 ## - | |
| -- | 6272 |
| -- | 6272 |
| 100 1# - MAIN ENTRY--PERSONAL NAME | |
| Personal name | Gomes de Aguiar, Fábio |
| 245 1# - TITLE STATEMENT | |
| Title | Locação imobiliária na prática |
| Medium | [Recurso electrónico] / |
| Statement of responsibility, etc | Fábio Gomes de Aguiar. |
| 256 ## - | |
| -- | Servicio en línea |
| 260 ## - PUBLICATION, DISTRIBUTION, ETC. (IMPRINT) | |
| Place of publication, distribution, etc | Brasil: |
| Name of publisher, distributor, etc | Editora Mundo Jurídico, |
| Date of publication, distribution, etc | 2014. |
| 300 ## - PHYSICAL DESCRIPTION | |
| Extent | 1 Recurso electrónico |
| 506 1# - RESTRICTIONS ON ACCESS NOTE | |
| Terms governing access | Disponible en los productos indicados |
| Authorized users | vLex Global |
| -- | vLex Global (Academic Edition, excluding Law Schools) |
| -- | vLex Global (U.S. Academic Edition, Law Schools) |
| -- | vLex Global (U.S. Academic Edition, excluding Law Schools) |
| -- | vLex Global (Academic Edition, Law Schools) |
| 650 04 - SUBJECT ADDED ENTRY--TOPICAL TERM | |
| Topical term or geographic name as entry element | Urbanismo |
| Geographic subdivision | Brasil |
| 650 04 - SUBJECT ADDED ENTRY--TOPICAL TERM | |
| Topical term or geographic name as entry element | Vivienda |
| Geographic subdivision | Brasil |
| 740 0# - | |
| -- | vLex libros (servicio en línea) |
| 856 40 - LOCALIZACIÓN Y ACCESO ELECTRÓNICO | |
| Identificador Uniforme del Recurso (URI/URL) | https://app.vlex.com/#/sources/loca-o-imobiliaria-na-pratica-14379 |
| 942 ## - | |
| -- | RAA |
| 999 ## - | |
| -- | 164530 |
| -- | 164530 |
No hay ítems disponibles.